000 00820naa a2200241 i 4500
001 12066
003 ES-MaBCM
005 20241016091628.0
008 901122s1990 esp 000 0 spa d
021 _axx
035 _a(OCoLC)1365216539
040 _cES-MaBCM
041 0 _aspa
043 _aesp
100 1 _aValdés Dal-Ré, Fernando
_947434
245 1 0 _aAlgunas claves de la reforma procesal laboral
_cFernando Valdés Dal-Ré
520 _aLas aportaciones de la Ley de procedimiento laboral a su entorno normativo. Dos grandes principios de la reforma procesal laboral
650 2 7 _aDerecho procesal laboral
_958354
651 2 4 _aEspaña
_9115342
655 4 _aLegislación comentada
_9115338
773 0 _aEn:
_tActualidad laboral
_dMadrid : 1990
_w104211
_gnº 37, octubre ; p. 439-452
942 _cAREV
999 _c12066
_d12066